[Event "GER-ch Seniors 22nd"]
[Site "Berlin"]
[Date "2010.08.18"]
[Round "3"]
[White "Kuehnl, Bernd"]
[Black "Kranch, Klaus"]
[Result "1-0"]
[WhiteElo "1689"]
[BlackElo "1480"]
[PlyCount "73"]
[EventDate "2010.08.16"]
[EventType "swiss"]
[EventRounds "9"]
[EventCountry "GER"]
[SourceTitle "CBM 138 Extra"]
[Source "ChessBase"]
[SourceDate "2010.10.29"]
[SourceVersion "1"]
[SourceVersionDate "2010.10.29"]
[SourceQuality "1"]

1. d4 d5 2. c4 e6 3. Nf3 Nf6 4. Bg5 c6 5. e3 Nbd7 6. Bd3 Qa5+ 7. Kf1 dxc4 8. Bxc4 Ne4 9. Bf4 Be7 10. Nfd2 Nxd2+ 11. Nxd2 Nf6 12. h3 b5 13. Bd3 Bb7 14. a3 0-0 15. b4 Qd8 16. Nb3 Bd6 17. Bxd6 Qxd6 18. Nc5 Rab8 19. Nxb7 Rxb7 20. Qd2 Rd7 21. f4 Qd5 22. Qc2 g6 23. Kf2 Rc8 24. Rac1 Kg7 25. Qc5 Ne4+ 26. Bxe4 Qxe4 27. Qc2 Qd5 28. Qb2 f5 29. Rc5 Qd6 30. Rhc1 Kf7 31. Rxb5 cxb5 32. Rxc8 a6 33. Qc2 Ke7 34. Rc6 Qb8 35. Qc5+ Kf7 36. Rxa6 Rd5 37. Ra7+ 1-0

[Event "GER-ch Seniors-A 20th"]
[Site "Erfurt"]
[Date "2008.08.13"]
[Round "9"]
[White "Kuehnl, Bernd"]
[Black "Gudat, Alfons"]
[Result "1-0"]
[WhiteElo "1692"]
[BlackElo "1837"]
[PlyCount "91"]
[EventDate "2008.08.05"]
[EventType "swiss"]
[EventRounds "9"]
[EventCountry "GER"]
[SourceTitle "CBM 126 Extra"]
[Source "ChessBase"]
[SourceDate "2008.11.05"]
[SourceVersion "1"]
[SourceVersionDate "2008.11.05"]
[SourceQuality "1"]

1. d4 Nf6 2. c4 e6 3. Nf3 b6 4. Nc3 Bb7 5. Qc2 Bb4 6. Bd2 0-0 7. e3 d5 8. cxd5 exd5 9. g3 Re8 10. Bg2 Nbd7 11. 0-0 c5 12. a3 Bxc3 13. Bxc3 Rc8 14. Qf5 g6 15. Qh3 Ne4 16. Qh6 Nxc3 17. bxc3 Nf8 18. h4 Qf6 19. h5 Qg7 20. Qxg7+ Kxg7 21. Bh3 Rc7 22. Kg2 Bc8 23. Rh1 cxd4 24. cxd4 Rc3 25. g4 f6 26. Rhc1 Rc4 27. Nd2 Ra4 28. h6+ Kf7 29. Rc7+ Bd7 30. g5 f5 31. Nf3 Ke7 32. Ne5 Kd6 33. Rac1 Rxe5 34. dxe5+ Kxe5 35. R1c3 Kd6 36. f4 Ne6 37. Rb7 d4 38. exd4 Bc6+ 39. Rxc6+ Kxc6 40. Rxh7 Nxf4+ 41. Kg3 Rxd4 42. Rh8 Nh5+ 43. Kf2 Rd7 44. h7 Kb5 45. Bg2 Nf4 46. Bc6+ 1-0

[Event "GER-ch Seniors-A 20th"]
[Site "Erfurt"]
[Date "2008.08.12"]
[Round "8"]
[White "Bade, Heidrun"]
[Black "Kuehnl, Bernd"]
[Result "0-1"]
[WhiteElo "1775"]
[BlackElo "1692"]
[PlyCount "56"]
[EventDate "2008.08.05"]
[EventType "swiss"]
[EventRounds "9"]
[EventCountry "GER"]
[SourceTitle "CBM 126 Extra"]
[Source "ChessBase"]
[SourceDate "2008.11.05"]
[SourceVersion "1"]
[SourceVersionDate "2008.11.05"]
[SourceQuality "1"]

1. e4 d6 2. d4 g6 3. Bc4 Nf6 4. Nc3 Bg7 5. f3 c6 6. a4 b6 7. Be3 0-0 8. Qd2 e5 9. Nge2 Bb7 10. h4 h5 11. 0-0-0 b5 12. axb5 Qa5 13. Kb1 Nbd7 14. Na2 Qc7 15. Qb4 exd4 16. bxc6 Bxc6 17. Nxd4 Rfb8 18. Qd2 Qb7 19. Qc1 Nb6 20. Bb3 a5 21. Nc3 a4 22. Ba2 a3 23. Nb3 axb2 24. Qd2 Rxa2 25. Bxb6 Ra1+ 26. Kxb2 Rxd1 27. Rxd1 Qxb6 28. Qxd6 Nd7 0-1

[Event "GER-ch Seniors-A 20th"]
[Site "Erfurt"]
[Date "2008.08.07"]
[Round "3"]
[White "Schurig, Wilhelm"]
[Black "Kuehnl, Bernd"]
[Result "0-1"]
[WhiteElo "1858"]
[BlackElo "1692"]
[PlyCount "86"]
[EventDate "2008.08.05"]
[EventType "swiss"]
[EventRounds "9"]
[EventCountry "GER"]
[SourceTitle "CBM 126 Extra"]
[Source "ChessBase"]
[SourceDate "2008.11.05"]
[SourceVersion "1"]
[SourceVersionDate "2008.11.05"]
[SourceQuality "1"]

1. Nf3 Nf6 2. g3 g6 3. Bg2 Bg7 4. 0-0 0-0 5. d3 d6 6. Nbd2 e5 7. e4 Bg4 8. h3 Bxf3 9. Nxf3 Nc6 10. c3 Kh8 11. Re1 Nd7 12. Be3 a5 13. Qd2 Nc5 14. Bh6 Bxh6 15. Qxh6 Qf6 16. Qd2 Qg7 17. d4 Nd7 18. d5 Ne7 19. b4 b6 20. a3 Ra7 21. Qb2 Rfa8 22. h4 h6 23. Bh3 Nf6 24. Nd2 Nh5 25. Kh2 Rf8 26. c4 axb4 27. axb4 Rfa8 28. Rxa7 Rxa7 29. Ra1 Rxa1 30. Qxa1 Qf8 31. Qa7 Qd8 32. c5 bxc5 33. bxc5 Nf6 34. f4 exf4 35. gxf4 h5 36. Qa1 Neg8 37. Qd4 Kh7 38. Nf3 Nh6 39. Ng5+ Kg8 40. Kg3 Nhg4 41. cxd6 Qxd6 42. Qd3 Qc5 43. Nf3 Qf2# 0-1

[Event "GER-ch Seniors-A 20th"]
[Site "Erfurt"]
[Date "2008.08.05"]
[Round "1"]
[White "Hoelting, Siegfried"]
[Black "Kuehnl, Bernd"]
[Result "0-1"]
[WhiteElo "1772"]
[BlackElo "1692"]
[PlyCount "112"]
[EventDate "2008.08.05"]
[EventType "swiss"]
[EventRounds "9"]
[EventCountry "GER"]
[SourceTitle "CBM 126 Extra"]
[Source "ChessBase"]
[SourceDate "2008.11.05"]
[SourceVersion "1"]
[SourceVersionDate "2008.11.05"]
[SourceQuality "1"]

1. e4 d6 2. d4 Nf6 3. Nc3 g6 4. Nf3 Bg7 5. Bc4 c6 6. 0-0 d5 7. exd5 cxd5 8. Bb5+ Bd7 9. Ne5 Bxb5 10. Nxb5 Qb6 11. Qe2 0-0 12. c3 Nc6 13. a4 a6 14. Na3 Rfe8 15. Be3 Rad8 16. b4 Qc7 17. a5 Nxe5 18. dxe5 Qxe5 19. Qf3 Qxc3 20. Rfc1 Qe5 21. Re1 Qe4 22. Qd1 Qh4 23. f3 e5 24. Rb1 e4 25. Bf2 Qh5 26. fxe4 Qxd1 27. Rbxd1 Rxe4 28. Bb6 Rxe1+ 29. Rxe1 Re8 30. Rd1 Bh6 31. Nc2 Re2 32. Nd4 Be3+ 33. Kf1 Rf2+ 34. Ke1 Ne4 35. Nf3 Bxb6 36. axb6 Rb2 37. Rd4 Nf6 38. Kf1 Rc2 39. Ne5 g5 40. h3 Kf8 41. h4 h6 42. hxg5 hxg5 43. g4 Rc3 44. Ke2 Ke7 45. Kd2 Rh3 46. Ke2 Ke6 47. Nf3 Nh7 48. b5 axb5 49. Rb4 Rh1 50. Nd4+ Kd6 51. Rxb5 Nf6 52. Kf3 Rf1+ 53. Kg3 Ne4+ 54. Kh3 Kd7 55. Rb3 Kd6 56. Nf5+ Kc5 0-1

[Event "EU-chT Seniors 09th"]
[Site "Dresden"]
[Date "2007.02.20"]
[Round "5"]
[White "Fritsch, Juergen"]
[Black "Kuehnl, Bernd"]
[Result "0-1"]
[WhiteElo "1984"]
[BlackElo "1866"]
[PlyCount "120"]
[EventDate "2007.02.16"]
[EventType "team-swiss"]
[EventRounds "9"]
[EventCountry "GER"]
[SourceTitle "CBM 117 Extra"]
[Source "ChessBase"]
[SourceDate "2007.05.09"]
[SourceVersion "1"]
[SourceVersionDate "2007.05.09"]
[SourceQuality "1"]

1. e4 d6 2. Bc4 Nf6 3. d3 Nc6 4. Nf3 Na5 5. Na3 Nxc4 6. Nxc4 b5 7. Ne3 c5 8. b3 g6 9. 0-0 Bb7 10. Bb2 Bg7 11. a4 b4 12. Ra2 a5 13. Qa1 e5 14. c4 Nh5 15. g3 0-0 16. Nd5 Bc8 17. Nh4 Bh3 18. Ng2 f5 19. f4 fxe4 20. dxe4 Ra7 21. Qd1 Raf7 22. f5 Nf6 23. fxg6 hxg6 24. Nxf6+ Rxf6 25. Rxf6 Qxf6 26. Bc1 Qf3 27. Qxf3 Rxf3 28. Rb2 Kh7 29. Bg5 Bh6 30. Be7 Bf8 31. Bxf8 Rxf8 32. Rf2 Rxf2 33. Kxf2 Bg4 34. Ne3 Be6 35. g4 Kh6 36. h3 Kg5 37. Kg3 Bf7 38. h4+ Kf6 39. g5+ Ke7 40. Kf3 Be6 41. Ke2 Bd7 42. Nd5+ Kf7 43. Nf6 Bc6 44. Kd3 Bb7 45. Ke3 Bc8 46. h5 gxh5 47. Nxh5 Bg4 48. Ng3 Bd1 49. Nf5 Bxb3 50. Nxd6+ Kg6 51. Nb7 Bxc4 52. Nxa5 Ba6 53. Nc6 Kxg5 54. Nxe5 c4 55. Nc6 b3 56. Kd2 b2 57. Kc2 c3 58. Nb4 Bb7 59. Kb1 Bxe4+ 60. Ka2 b1Q+ 0-1

[Event "EU-chT Seniors 09th"]
[Site "Dresden"]
[Date "2007.02.17"]
[Round "2"]
[White "Schenk, Dieter"]
[Black "Kuehnl, Bernd"]
[Result "0-1"]
[WhiteElo "2008"]
[BlackElo "1866"]
[PlyCount "134"]
[EventDate "2007.02.16"]
[EventType "team-swiss"]
[EventRounds "9"]
[EventCountry "GER"]
[SourceTitle "CBM 117 Extra"]
[Source "ChessBase"]
[SourceDate "2007.05.09"]
[SourceVersion "1"]
[SourceVersionDate "2007.05.09"]
[SourceQuality "1"]

1. e4 d6 2. d4 g6 3. Nc3 Bg7 4. Be3 Nf6 5. Qd2 c6 6. f3 Qa5 7. 0-0-0 b5 8. Kb1 Ba6 9. g4 Nbd7 10. h4 Nb6 11. Nd5 Qxd2 12. Nxf6+ Bxf6 13. Rxd2 Nc4 14. Bxc4 bxc4 15. c3 h5 16. Bg5 Bg7 17. Ne2 f6 18. Be3 Kf7 19. Ng3 d5 20. gxh5 gxh5 21. Rg1 Bc8 22. Rdg2 Bh3 23. Rh2 Bd7 24. Ne2 Rag8 25. Rhg2 Bf8 26. Rxg8 Rxg8 27. Rxg8 Kxg8 28. exd5 e5 29. Ng3 cxd5 30. Nxh5 Kf7 31. Kc1 a6 32. Kd2 Bf5 33. Ng3 Bb1 34. a3 Bh7 35. Ke2 Bd6 36. Bf2 exd4 37. cxd4 Bf4 38. Be1 Bc1 39. Bc3 Bf4 40. Nf1 Bd3+ 41. Kf2 Bxf1 42. Kxf1 Kg6 43. Kg2 Kh5 44. Kh3 Bc1 45. Kg3 Be3 46. a4 Bc1 47. Kh3 Bf4 48. Bb4 Be3 49. Bc3 Bf2 50. Kg2 Bxh4 51. Bd2 f5 52. Bf4 Bf6 53. Be3 Kg6 54. f4 Kf7 55. Kf3 Bd8 56. Ke2 Kg6 57. Kf3 Ba5 58. Kf2 Kh5 59. Kf3 Kh4 60. Bf2+ Kh3 61. Be3 Kh2 62. Bf2 Bd2 63. Bg3+ Kh3 64. Bf2 Bc1 65. Ke2 Bxb2 66. Kd2 Kg2 67. Be3 Kf3 0-1

[Event "EU-chT Seniors 09th"]
[Site "Dresden"]
[Date "2007.02.16"]
[Round "1"]
[White "Kuehnl, Bernd"]
[Black "Kirmas, Joachim"]
[Result "0-1"]
[WhiteElo "1866"]
[BlackElo "2118"]
[PlyCount "54"]
[EventDate "2007.02.16"]
[EventType "team-swiss"]
[EventRounds "9"]
[EventCountry "GER"]
[SourceTitle "CBM 117 Extra"]
[Source "ChessBase"]
[SourceDate "2007.05.09"]
[SourceVersion "1"]
[SourceVersionDate "2007.05.09"]
[SourceQuality "1"]

1. d4 Nf6 2. c4 c5 3. d5 e6 4. Nc3 exd5 5. cxd5 d6 6. Qc2 g6 7. Bg5 Bg7 8. e4 0-0 9. Bd3 Re8 10. Nge2 b6 11. 0-0 Ba6 12. Rae1 c4 13. Nd4 cxd3 14. Qd2 Qd7 15. Nf3 Ng4 16. h3 Ne5 17. Nxe5 Bxe5 18. f4 Bg7 19. f5 f6 20. fxg6 fxg5 21. Rf7 Qd8 22. e5 Rxe5 23. Ref1 hxg6 24. b4 Bc4 25. Qf2 Qe8 26. Rc7 Rf5 27. Qd2 Bd4+ 0-1

[Event "GER-ch Seniors Gp-B 18th"]
[Site "Dresden"]
[Date "2006.07.30"]
[Round "9"]
[White "Alter, Helmut"]
[Black "Kuehnl, Bernd"]
[Result "1/2-1/2"]
[WhiteElo "1720"]
[BlackElo "1573"]
[PlyCount "39"]
[EventDate "2006.07.22"]
[EventType "swiss"]
[EventRounds "9"]
[EventCountry "GER"]
[SourceTitle "EXT 2022"]
[Source "ChessBase"]
[SourceDate "2021.10.06"]
[SourceVersion "1"]
[SourceVersionDate "2021.10.06"]
[SourceQuality "1"]

1. e4 d6 2. d4 g6 3. f4 Bg7 4. c3 Nf6 5. Bd3 0-0 6. Nf3 Bg4 7. 0-0 Nbd7 8. h3 Bxf3 9. Qxf3 e5 10. fxe5 dxe5 11. d5 h6 12. Be3 Qe7 13. Nd2 b6 14. Qf2 Rac8 15. Ba6 Rb8 16. Bb5 Rbd8 17. Bxd7 Rxd7 18. g4 Nh7 19. Qg2 Rc8 20. Rad1 1/2-1/2

[Event "GER-ch Seniors Gp-B 18th"]
[Site "Dresden"]
[Date "2006.07.26"]
[Round "5"]
[White "Kuehnl, Bernd"]
[Black "Uhlemann, Walter"]
[Result "0-1"]
[WhiteElo "1573"]
[BlackElo "1693"]
[PlyCount "80"]
[EventDate "2006.07.22"]
[EventType "swiss"]
[EventRounds "9"]
[EventCountry "GER"]
[SourceTitle "EXT 2022"]
[Source "ChessBase"]
[SourceDate "2021.10.06"]
[SourceVersion "1"]
[SourceVersionDate "2021.10.06"]
[SourceQuality "1"]

1. d4 Nf6 2. c4 e6 3. a3 c5 4. d5 exd5 5. cxd5 d6 6. Nc3 Bf5 7. f3 Nbd7 8. e4 Bg6 9. Bd3 Be7 10. Nge2 0-0 11. 0-0 h6 12. Qc2 Ne5 13. Nf4 Nxd3 14. Nxg6 fxg6 15. Qxd3 g5 16. b3 Nd7 17. Bb2 Qb6 18. Na4 Qc7 19. Rac1 Bf6 20. Nc3 a6 21. Qe2 Ne5 22. Nd1 Qb6 23. Ne3 g6 24. Kh1 Qd8 25. Bc3 b5 26. g3 Qe7 27. f4 Nd7 28. Ng4 Bxc3 29. Rxc3 h5 30. Nh6+ Kh7 31. fxg5 Rxf1+ 32. Qxf1 Qxe4+ 33. Qf3 Qe1+ 34. Kg2 Rf8 35. Re3 Qd2+ 36. Re2 Qxg5 37. Nf7 Qf6 38. Qxf6 Nxf6 39. Nxd6 Nxd5 40. Re5 Nc7 0-1

[Event "GER-ch Seniors Gp-B 18th"]
[Site "Dresden"]
[Date "2006.07.24"]
[Round "3"]
[White "Kuehnl, Bernd"]
[Black "Kaden, Guenter"]
[Result "0-1"]
[WhiteElo "1573"]
[BlackElo "1735"]
[PlyCount "60"]
[EventDate "2006.07.22"]
[EventType "swiss"]
[EventRounds "9"]
[EventCountry "GER"]
[SourceTitle "EXT 2022"]
[Source "ChessBase"]
[SourceDate "2021.10.06"]
[SourceVersion "1"]
[SourceVersionDate "2021.10.06"]
[SourceQuality "1"]

1. d4 d5 2. c4 e6 3. a3 Nf6 4. Bg5 Be7 5. Nf3 c6 6. e3 0-0 7. Nc3 h6 8. Bh4 Nbd7 9. cxd5 exd5 10. Bd3 Re8 11. 0-0 g6 12. Qc2 Kg7 13. Rae1 Nh5 14. Bxe7 Rxe7 15. Nd2 f5 16. g3 Nhf6 17. b4 a6 18. Rb1 Ne4 19. Rb2 Ndf6 20. Ndxe4 fxe4 21. Be2 Bh3 22. Rfb1 Qd7 23. a4 Rf8 24. b5 Ng4 25. bxc6 bxc6 26. Nd1 Ref7 27. Bxg4 Bxg4 28. Qd2 Bf3 29. Qe1 h5 30. h4 Qh3 0-1